01313cam a22003617a 4500003000500000005001700005008004100022010001000063011001000073035001000083040000900093082001700102100002600119245006800145260004300213300001100256490003800267590004100305590004100346590004100387590004100428590004100469590004200510650002400552650004600576650004900622830004200671901000700713942001000720949006700730999001700797952013700814CHAP20220329140259.0971013s1971 r 00010 d a49695 a50667 a54817 cCHAP a333.098bF4400aFeder, Ernest.93991114aThe rape of the peasantryb: Latin America's landholding system aGarden City, N. Y. :bDaubleday,c1971 a304 p. 2aA Dcubleday anchor original, A794 aBATCH-UPDb10c20130110lUCH01h0022 aBATCH-UPDb10c20130110lUCH01h0730 aBATCH-UPDb10c20130409lUCH01h2002 aBATCH-UPDb10c20130410lUCH01h0413 aBATCH-UPDb10c20130914lUCH01h0827 aCONVERSIONb10c20130109lUCH01h132714aCampesinado.91799314aReforma agrariaxAmérica Latina.99552314aTierrasxTenenciaxAmérica Latina.9113135 2aA Dcubleday anchor original, A794965 aBK cLIBRO a333.098 F44bBCcLIBROd33724000329025eLIBROh34578i54817si c49695d49695 00102ddc4052708GRALaBCbBCcPA_GRALd2019-12-31fLIBROl0o333.098 F44p33724000329025r2019-12-31 00:00:00w2019-12-31yLIBRO